LEADER 01274nam a2200241 i 4500 001 000000139190 003 CaOOAMICUS 005 20241001090920.0 008 050518s1969 it u000 u mul u 040 $aSeMil$bita 110 2 $aFondazione Centro italiano di studi sull'Alto Medioevo .$0(OLS)http://semarc/name/199 245 12$aI Normanni e la loro espansione in Europa nell'Alto Medioevo /$cCentro italiano di studi sull'Alto Medioevo, Spoleto. 264 1$aSpoleto :$bPresso la Sede del Centro,$c1969. 300 $a807 p., c. di tav. ;$c22 cm. 490 1 $a[Atti delle] Settimane di Studio del Centro italiano di studi sull'Alto Medioevo ;$v16. 500 $aIn mezzo al front.: 18 - 24 aprile 1968 650 4$aNormanni - Storia - Medioevo.$0(OLS)http://semarc/subject/44696 830 0$aAtti delle settimane di studio / Centro italiano di studi sull'alto Medioevo ;$v16.$0(OLS)http://semarc/title/305 850 $aSeMil 852 $aSeMil$W1$xVenegono$y1$m3TA B 16$j251122$B92627$CSeMilBibl$Z2$F97834 $81 996 $6245$aI Normanni e la loro espansione in Europa nell'Alto Medioevo$9(OLS)http://semarc/title/203454 996 $6264$aSpoleto :$bPresso la Sede del Centro$9(OLS)http://semarc/publisher/29731 LEADER 00991nam a2200217 i 4500 001 000000247037 003 CaOOAMICUS 005 20210524122235.0 008 151209s1871 it u000 u ita u 013 $a225942 040 $aSeMil$bita 245 10$a2: Ultimi anni della vita e morte /$cscritta P. C. E. Schmoger. 264 1$aTorino :$bPietro di G. Marietti,$c1871. 300 $aXV, 662 p. ;$c18 cm 773 0 $aSchmöger, Karl Erhard$tVita della serva di Dio Anna Caterina Emmerich.$dTorino : Pietro di G. Marietti, 1869-1871.$kCollezione Pietro Marietti$g2$w()32890 850 $aSeMil 852 $aSeMil$W1$xVenegono$y1$m3H II 27 FA$j197383$B197383$CSeMilBibl$Z2$F208495 $8I 852 $aSeMil$W1$xVenegono$y1$m5A VI 6 FA$j226458$B237232$CSeMilBibl$Z2$F237232 $8I 996 $6245$a2: Ultimi anni della vita e morte$9(OLS)http://semarc/title/435393 996 $6264$aTorino :$bPietro di G. Marietti$9(OLS)http://semarc/publisher/33151